[Event "DEN-ch2A"]
[Site "Helsingor"]
[Date "2013.03.29"]
[Round "3"]
[White "Pedersen, Carsten Schjodt"]
[Black "Jensen, Thore Nyboe"]
[Result "1/2-1/2"]
[WhiteElo "1852"]
[BlackElo "2045"]
[PlyCount "63"]
[EventDate "2013.03.28"]
[EventType "swiss"]
[EventRounds "5"]
[EventCountry "DEN"]
[SourceTitle "EXT 2014"]
[Source "ChessBase"]
[SourceDate "2013.11.20"]
[SourceVersion "1"]
[SourceVersionDate "2013.11.20"]
[SourceQuality "1"]

1. d4 d5 2. c4 c6 3. cxd5 cxd5 4. Nc3 Nf6 5. Bf4 e6 6. Nf3 Bd6 7. Bxd6 Qxd6 8. e3 0-0 9. Bd3 Nc6 10. 0-0 a6 11. a3 b5 12. b4 Bb7 13. Rc1 Rac8 14. Nd2 e5 15. Nb3 e4 16. Bb1 Rc7 17. Nc5 Bc8 18. f3 exf3 19. Rxf3 Ng4 20. Rh3 Nh6 21. Rh5 Ne7 22. h3 Bf5 23. Qf3 Bxb1 24. Rxb1 f5 25. Rf1 Rf6 26. Ne2 Nf7 27. Qg3 g6 28. Rh4 Qxg3 29. Nxg3 Kg7 30. Rhf4 Ng5 31. R1f2 Rfc6 32. Rd2 1/2-1/2

[Event "DEN-ch1A"]
[Site "Helsingor"]
[Date "2013.03.25"]
[Round "4"]
[White "Lavrsen, Frands Winther"]
[Black "Pedersen, Carsten Schjodt"]
[Result "1/2-1/2"]
[WhiteElo "1902"]
[BlackElo "1852"]
[PlyCount "125"]
[EventDate "2013.03.23"]
[EventType "swiss"]
[EventRounds "5"]
[EventCountry "DEN"]
[SourceTitle "EXT 2014"]
[Source "ChessBase"]
[SourceDate "2013.11.20"]
[SourceVersion "1"]
[SourceVersionDate "2013.11.20"]
[SourceQuality "1"]

1. Nf3 d5 2. g3 c5 3. Bg2 Nc6 4. d4 cxd4 5. Nxd4 e6 6. 0-0 Bc5 7. Nb3 Bb6 8. Nc3 Nf6 9. a4 0-0 10. Bg5 h6 11. Bxf6 Qxf6 12. a5 Bd4 13. Nxd4 Nxd4 14. e4 dxe4 15. Nxe4 Qd8 16. c3 Nc6 17. b4 Qc7 18. Qd6 Qxd6 19. Nxd6 Rb8 20. b5 Nd8 21. c4 e5 22. Rfe1 f6 23. Bd5+ Be6 24. Bxe6+ Nxe6 25. f4 Nd4 26. Red1 Rfd8 27. fxe5 fxe5 28. c5 b6 29. axb6 axb6 30. Nc4 bxc5 31. b6 e4 32. Rdb1 Re8 33. Ne3 Nc6 34. Rb5 Re5 35. Rc1 Nd4 36. Rcxc5 Rxc5 37. Rxc5 Rxb6 38. Rc8+ Kf7 39. Rc7+ Kg6 40. Ng4 Nf3+ 41. Kf2 h5 42. Ne3 Rb2+ 43. Kf1 Nxh2+ 44. Ke1 Nf3+ 45. Kf1 h4 46. gxh4 Nxh4 47. Re7 Nf5 48. Nxf5 Kxf5 49. Rxg7 Kf4 50. Rf7+ Ke3 51. Re7 Rb1+ 52. Kg2 Rd1 53. Re8 Rd4 54. Kf1 Rd5 55. Ke1 Kd3 56. Kf2 Rf5+ 57. Ke1 e3 58. Rd8+ Ke4 59. Re8+ Kf3 60. Re7 Rf4 61. Re8 Rh4 62. Rf8+ Rf4 63. Re8 1/2-1/2

[Event "DEN-ch1A"]
[Site "Helsingor"]
[Date "2013.03.23"]
[Round "1"]
[White "Pedersen, Carsten Schjodt"]
[Black "Nielsen, Frode Benedikt"]
[Result "0-1"]
[WhiteElo "1852"]
[BlackElo "2042"]
[PlyCount "84"]
[EventDate "2013.03.23"]
[EventType "swiss"]
[EventRounds "5"]
[EventCountry "DEN"]
[SourceTitle "EXT 2014"]
[Source "ChessBase"]
[SourceDate "2013.11.20"]
[SourceVersion "1"]
[SourceVersionDate "2013.11.20"]
[SourceQuality "1"]

1. d4 Nf6 2. c4 c5 3. dxc5 e5 4. Nc3 Bxc5 5. e3 0-0 6. a3 a5 7. Be2 b6 8. Bf3 Nc6 9. Nge2 Ba6 10. b3 Re8 11. Ng3 Qe7 12. Qc2 Rad8 13. Bb2 g6 14. Nd5 Nxd5 15. Bxd5 Qh4 16. Qe4 Qxe4 17. Nxe4 Kg7 18. Nxc5 bxc5 19. Bxc6 dxc6 20. Bc3 Rd3 21. Rc1 f6 22. Ke2 e4 23. f3 a4 24. fxe4 Rd7 25. Rhf1 Re6 26. Kf3 axb3 27. Bb2 Rd2 28. Rf2 Rxf2+ 29. Kxf2 Rxe4 30. Rc3 Bxc4 31. g3 Kf7 32. Ke1 Bd5 33. Kd2 c4 34. Rc1 Re6 35. Bd4 h5 36. a4 Ke7 37. Bc5+ Kd7 38. Kc3 Kc7 39. a5 Be4 40. Bd4 Bd3 41. a6 c5 42. Bxc5 Rxa6 0-1